Wszystkie skiny do SG 553 w CS:GO - Statystyki

Ogólne statystyki
  • Ten quiz został rozwiązany 5 razy
  • Średni wynik to 4 z 29
Statystyki odpowiedzi
Jakość Skin % Poprawnych
Różowy Colony IV
60%
Różowy Cyrex
60%
Fioletowy Pulse
60%
Niebieski Aloha
40%
Niebieski Tornado
40%
Niebieski Candy Apple
20%
Fioletowy Darkwing
20%
Różowy Integrale
20%
Fioletowy Phantom
20%
Fioletowy Tiger Moth
20%
Niebieski Ultraviolet
20%
Niebieski Aerial
0%
Niebieski Anodized Navy
0%
Niebieski Army Sheen
0%
Niebieski Atlas
0%
Niebieski Barricade
0%
Fioletowy Bulldozer
0%
Niebieski Damascus Steel
0%
Niebieski Danger Close
0%
Niebieski Fallout Warning
0%
Niebieski Gator Mesh
0%
Niebieski Heavy Metal
0%
Fioletowy Hypnotic
0%
Niebieski Lush Ruins
0%
Niebieski Ol' Rusty
0%
Niebieski Traveler
0%
Fioletowy Triarch
0%
Niebieski Waves Perforated
0%
Niebieski Wave Spray
0%
Nie znaleziono quizów pasujących do podanych kryteriów
Rozkład punktacji
Procent ludzi z każdym wynikiem
Percentyl według liczby udzielonych odpowiedzi
Twoja historia wyników
Nie rozwiązałeś tego quizu